MARC

LEADER 00000nam0a2200000 4500
001 27181
005 20231030202038.0
010 |a 5060037436 
010 |a 5-7695-0385-8 
035 |a (RuTPU)RU\TPU\book\27430 
035 |a BOOK00000051 
090 |a 27181 
100 |a 20011209d2000 km y0rusy50 ca 
101 0 |a rus 
102 |a RU 
105 |a a g 000zy 
200 1 |a Справочник газовика  |f К. Г. Кязимов 
205 |a 3-е изд., стереотип. 
210 |a Москва  |c Высшая школа  |d 2000 
210 |c Академия 
215 |a 272 с.  |c ил. 
225 1 |a Профессия 
610 1 |a газовое хозяйство 
610 1 |a газовое топливо 
610 1 |a природные газы 
610 1 |a газоснабжение 
610 1 |a газопроводы подземные 
610 1 |a контрольно-измерительные приборы 
610 1 |a газовые плиты 
610 1 |a водонагреватели 
610 1 |a справочники 
675 |a 696.2(03)  |v 3 
700 1 |a Кязимов  |b К. Г.  |g Карл Гасанович 
801 0 |a RU  |b 63413507  |c 20011209  |g PSBO 
801 2 |a RU  |b 63413507  |c 20071029  |g PSBO 
942 |c BK